| 000 | 00949cab a2200277 4500 | ||
|---|---|---|---|
| 001 | WB3146-19 | ||
| 008 | 090401t1995 xxu||||| |||| 00| 0 eng d | ||
| 035 | _a(Sirsi) u45719 | ||
| 041 | _aeng | ||
| 245 | _aRented property trusts will be a Hit | ||
| 260 | _c1995 | ||
| 350 | _a0 | ||
| 490 |
_aSunday Times _v3 December 1995, 3:7 |
||
| 490 |
_aFinancial Times _v6 December 1995, 18(2) |
||
| 520 | _aHousing Investment Trusts (Hits) aimed at encouraging investment in the residential property sector are to be launched from the beginning of 1996. Comments from the Prudential who used to invest in residential property. | ||
| 650 | _aHOUSING INVESTMENT TRUSTS | ||
| 650 | _aHOUSING | ||
| 650 | _aINSTITUTIONAL INVESTMENT | ||
| 650 | _aINVESTMENT | ||
| 650 | _aPRIVATE SECTOR | ||
| 650 |
_aRESIDENTIAL PROPERTY _96266 |
||
| 650 | _aYIELDS | ||
| 690 | _aPROPERTY-PROPERTY FINANCE AND INVESTMENT | ||
| 942 | _n0 | ||
| 948 | _c04/03/1997 | ||
| 999 |
_c28932 _d28932 |
||